000 00348nam a22001457a 4500
999 _c6724
_d6722
005 20210901134451.0
008 200531b xxu||||| |||| 00| 0 eng d
041 _aeng
082 _a340
100 _aBARE ACT
_95744
245 _aTHE EMPLOYMENT EXCHANGE ACT,1959
260 _aDELHI
_bPROFESSIONAL BOOK PUBLISHERS
300 _a12;p
942 _cBK